Érase una vez un libro : (Registro nro. 29793)
[ vista simple ]
| 000 -LEADER | |
|---|---|
| fixed length control field | 01456nam a22002777a 4500 |
| 003 - CONTROL NUMBER IDENTIFIER | |
| control field | OSt |
| 005 - DATE AND TIME OF LATEST TRANSACTION | |
| control field | 20221213140202.0 |
| 008 - FIXED-LENGTH DATA ELEMENTS--GENERAL INFORMATION | |
| fixed length control field | 221213s2007 ck a|||cr|||| 00| j spa d |
| 020 ## - INTERNATIONAL STANDARD BOOK NUMBER | |
| International Standard Book Number | 9789583018688 |
| 040 ## - CATALOGING SOURCE | |
| Original cataloging agency | CO-JMCR |
| Transcribing agency | CO-JMCR |
| 041 0# - LANGUAGE CODE | |
| Language code of text/sound track or separate title | spa |
| 082 04 - DEWEY DECIMAL CLASSIFICATION NUMBER | |
| Classification number | C / |
| Item number | BASe |
| 100 1# - MAIN ENTRY--PERSONAL NAME | |
| Personal name | Bastidas Padilla, Carlos, |
| Relator term | autor |
| 9 (RLIN) | 42522 |
| 245 10 - TITLE STATEMENT | |
| Title | Érase una vez un libro : |
| Remainder of title | la historia maravillosa del libro contada a los niños como un cuento / |
| Statement of responsibility, etc. | Carlos Bastidas Padilla ; ilustraciones, Yody Castro |
| 250 ## - EDITION STATEMENT | |
| Edition statement | Primera edición |
| 260 ## - PUBLICATION, DISTRIBUTION, ETC. | |
| Place of publication, distribution, etc. | Bogotá : |
| Name of publisher, distributor, etc. | Panamericana, |
| Date of publication, distribution, etc. | 2007 |
| 300 ## - PHYSICAL DESCRIPTION | |
| Extent | 123 páginas : |
| Other physical details | ilustraciones a color ; |
| Dimensions | 21 cm |
| 490 0# - SERIES STATEMENT | |
| Series statement | Corcel |
| 500 ## - GENERAL NOTE | |
| General note | Incluye datos biográficos del autor en la pasta |
| 520 3# - SUMMARY, ETC. | |
| Summary, etc. | Un libro llamado El maravilloso libro de los antiguos secretos usados por los sacerdotes egipcios en sus prácticas mágicas le cuenta su historia a un niño a punto de dormirse; pero lo que le cuenta no es su contenido sino su recorrido por el mundo y los sucesos de los libros.<br/>"Antes de que tus ojos se llenen de sueños y el mundo se vuelva tan menudito que entre canciones se refugie en tu alma, quiero contarte la historia de cómo fui antes de ser como ahora soy" |
| 650 14 - SUBJECT ADDED ENTRY--TOPICAL TERM | |
| Topical term or geographic name entry element | Cuentos infantiles colombianos |
| Chronological subdivision | Siglo XXI |
| 9 (RLIN) | 14019 |
| 650 24 - SUBJECT ADDED ENTRY--TOPICAL TERM | |
| Topical term or geographic name entry element | Libros |
| General subdivision | Historia |
| Form subdivision | Cuentos |
| 9 (RLIN) | 42523 |
| 650 24 - SUBJECT ADDED ENTRY--TOPICAL TERM | |
| Topical term or geographic name entry element | Libros ilustrados para niños |
| 700 1# - ADDED ENTRY--PERSONAL NAME | |
| Personal name | Castro, Yody Giovanni, |
| Relator term | ilustrador |
| 9 (RLIN) | 42524 |
| 942 ## - ADDED ENTRY ELEMENTS (KOHA) | |
| Source of classification or shelving scheme | Dewey Decimal Classification |
| Koha item type | Books |
| Withdrawn status | Lost status | Source of classification or shelving scheme | Damaged status | Not for loan | Home library | Current library | Date acquired | Source of acquisition | Total Checkouts | Total Renewals | Full call number | Barcode | Date last seen | Date last checked out | Copy number | Price effective from | Koha item type |
|---|---|---|---|---|---|---|---|---|---|---|---|---|---|---|---|---|---|
| Dewey Decimal Classification | Biblioteca Pública José María del Castillo y Rada | Biblioteca Pública José María del Castillo y Rada | 12/13/2022 | Donación | 8 | 1 | C / BASe | 201811797 | 03/03/2026 | 03/03/2026 | Ej.1 | 12/13/2022 | Books |